<?xml version="1.0" encoding="UTF-8"?>
<record
    xmlns:xsi="http://www.w3.org/2001/XMLSchema-instance"
    xsi:schemaLocation="http://www.loc.gov/MARC21/slim http://www.loc.gov/standards/marcxml/schema/MARC21slim.xsd"
    xmlns="http://www.loc.gov/MARC21/slim">

  <leader>02334agaaa2200349   4500</leader>
  <controlfield tag="001">6148</controlfield>
  <controlfield tag="003">IT-RoPAU</controlfield>
  <controlfield tag="005">20220918181252.0</controlfield>
  <controlfield tag="007">d cvaizq</controlfield>
  <controlfield tag="008">50131s9999||||xx ||| |     ||   ||und||</controlfield>
  <datafield tag="040" ind1=" " ind2=" ">
    <subfield code="a">IT-RoPAU</subfield>
    <subfield code="c">IT-RoPAU</subfield>
  </datafield>
  <datafield tag="041" ind1=" " ind2=" ">
    <subfield code="a">ITALIANO</subfield>
  </datafield>
  <datafield tag="100" ind1=" " ind2=" ">
    <subfield code="a">Capra Frank</subfield>
    <subfield code="g">Codice regista SPICS: 8472</subfield>
    <subfield code="9">42646</subfield>
  </datafield>
  <datafield tag="130" ind1=" " ind2=" ">
    <subfield code="a">VITA E' MERAVIGLIOSA (LA)</subfield>
    <subfield code="9">49373</subfield>
  </datafield>
  <datafield tag="240" ind1=" " ind2=" ">
    <subfield code="a">IT'S A WONDERFUL LIFE</subfield>
    <subfield code="g">T2019</subfield>
  </datafield>
  <datafield tag="245" ind1=" " ind2=" ">
    <subfield code="a">VITA E' MERAVIGLIOSA (LA)</subfield>
    <subfield code="c">Prodotto da: Capra Frank -- Sceneggiatura: Capra Frank Goodrick Frances Hakett Albert Swerling Jo -- Diretto da: Capra Frank</subfield>
    <subfield code="p">VITA E' MERAVIGLIOSA (LA) (Rif. Codice opera principale : H6148)</subfield>
  </datafield>
  <datafield tag="246" ind1=" " ind2=" ">
    <subfield code="a">IT'S A WONDERFUL LIFE</subfield>
  </datafield>
  <datafield tag="250" ind1=" " ind2=" ">
    <subfield code="a">Edizione Standard</subfield>
  </datafield>
  <datafield tag="260" ind1=" " ind2=" ">
    <subfield code="a">(USA)</subfield>
    <subfield code="b">LIBERTY FILM / Distribuzione: ALBERTO PERUZZO EDIT</subfield>
    <subfield code="g">"1946 (1&#xB0; ed.: 2005 ; Ed. Lingua Orig.: 1946)"</subfield>
  </datafield>
  <datafield tag="300" ind1=" " ind2=" ">
    <subfield code="a">DVD</subfield>
    <subfield code="b">sonoro, b&amp;w</subfield>
    <subfield code="c">130 minuti</subfield>
  </datafield>
  <datafield tag="508" ind1=" " ind2=" ">
    <subfield code="a">"Fotografia: Biroc J. Walker J.; Montaggio: Hornbeck William; Musica: Tiomkin Dimitri; Sceneggiatura: Capra Frank Goodrick Frances Hakett Albert Swerling Jo; Scenografia: Okey Jack; Soggetto: Swerling Jo -- Wilson Michael"</subfield>
  </datafield>
  <datafield tag="511" ind1=" " ind2=" ">
    <subfield code="a">"Stewart James; Reed Donna; Barrymore Lionel; Travers Henry; Mitchell Thomas; Bond War"</subfield>
  </datafield>
  <datafield tag="520" ind1=" " ind2=" ">
    <subfield code="a">E' LA STORIA DI GEORGE BAILEY, UNA VITA DI SACRIFICIO PER IL PROSSIMO. IN UNA CITTADINA DI PROVINCIA DIFENDE LA COOPERATIVA EDILIZIA DEL PADRE DAL POTERE DEL PERFIDO CAPITALISTA POTTER. ALLA VIGILIA DI NATALE SUO ZIO SMARRISCE UNA GROSSA SOMMA DI DENARO DEI FONDI DELLA SOCIETA'. DISPERATO, GEORGE DECIDE DI SUICIDARSI. LO SALVA LA PROVVIDENZA CELESTE, NEI PANNI DI UN ASPIRANTE ANGELO, CLARENCE, CHE GLI MOSTRA QUALI DRAMMI SAREBBERO AVVENUTI SE LUI NON FOSSE MAI NATO. RITROVATA LA SPERANZA, L'UOMO TORNA A CASA E SCOPRE CHE GLI AMICI E I PARENTI HANNO DATO I LORO RISPARMI PER EVITARE LA BANCAROTTA DELLA COOPERATIVA.</subfield>
  </datafield>
  <datafield tag="538" ind1=" " ind2=" ">
    <subfield code="a">PAL, STEREO</subfield>
  </datafield>
  <datafield tag="546" ind1=" " ind2=" ">
    <subfield code="a">ITALIANO</subfield>
  </datafield>
  <datafield tag="650" ind1=" " ind2=" ">
    <subfield code="a">COMMEDIA</subfield>
    <subfield code="e">DVD-FILM [DVD]</subfield>
    <subfield code="x">Codice MATERIA SPICS: 9947</subfield>
    <subfield code="9">36668</subfield>
  </datafield>
  <datafield tag="700" ind1=" " ind2=" ">
    <subfield code="a">Capra Frank </subfield>
    <subfield code="e">(regista)</subfield>
    <subfield code="g">Codice regista SPICS: 8472</subfield>
    <subfield code="9">42646</subfield>
  </datafield>
  <datafield tag="700" ind1=" " ind2=" ">
    <subfield code="a">Swerling Jo </subfield>
    <subfield code="e">(soggetto)</subfield>
    <subfield code="g">Codice Soggetto SPICS: 58433</subfield>
    <subfield code="9">49374</subfield>
  </datafield>
  <datafield tag="700" ind1=" " ind2=" ">
    <subfield code="a">Tiomkin Dimitri</subfield>
    <subfield code="e">(musica)</subfield>
    <subfield code="g">Codice Musica SPICS: 11173</subfield>
    <subfield code="9">49375</subfield>
  </datafield>
  <datafield tag="700" ind1=" " ind2=" ">
    <subfield code="a">Wilson Michael </subfield>
    <subfield code="e">(soggetto)</subfield>
    <subfield code="g">Codice Soggetto 2&#xB0; SPICS: 443</subfield>
    <subfield code="9">49376</subfield>
  </datafield>
  <datafield tag="942" ind1=" " ind2=" ">
    <subfield code="c">DV</subfield>
    <subfield code="2">ddc</subfield>
  </datafield>
  <datafield tag="999" ind1=" " ind2=" ">
    <subfield code="c">106906</subfield>
    <subfield code="d">106906</subfield>
  </datafield>
  <datafield tag="952" ind1=" " ind2=" ">
    <subfield code="0">0</subfield>
    <subfield code="1">0</subfield>
    <subfield code="4">0</subfield>
    <subfield code="6">H_6148_000000000000000</subfield>
    <subfield code="7">1</subfield>
    <subfield code="a">SPICS</subfield>
    <subfield code="b">SPICS</subfield>
    <subfield code="d">2015-01-31</subfield>
    <subfield code="l">0</subfield>
    <subfield code="o">H6148</subfield>
    <subfield code="r">2015-01-31 00:00:00</subfield>
    <subfield code="w">2015-01-31</subfield>
    <subfield code="y">DV</subfield>
    <subfield code="z">Progr. Ins.: 3377 / N.Vol.:1 / Copie: 1 / Pag.:0 / Copia rara: n.d. / date import: 1.2.2015 / By Epidotti, Trombetti, Vaglietti</subfield>
  </datafield>
</record>
